Vražda v lázních Skalka /
Poblíž léčivých pramenů v malých lázních Skalka je nalezena mrtvola mladé dívky. Zpočátku sice vše vypadá jako nešťastná náhoda při pádu z kola, při pitvě se však zjistí, že dívka byla zavražděna. Vyšetřování se ujímá kapitán Klenský s majorem Pavlatou, když se ale o vraždě dozví překladatelka Marie...
Uloženo v:
| Série: | Marie Kovandová,
část 7 |
|---|---|
| Hlavní autor: | |
| Médium: | E-kniha |
| Jazyk: | Czech |
| Vydáno: |
Brno :
MOBA,
c2013
|
| Vydání: | Vyd. 1. |
| Edice: | Původní česká detektivka
Krimi (MOBA) |
| Témata: | |
| Příbuzné jednotky: | Z cyklu::
Marie Kovandová |
| Tagy: |
Žádné tagy |
| LEADER | 02229cam a2200421 a 4500 | ||
|---|---|---|---|
| 001 | 306160 | ||
| 003 | CZ PrSKC | ||
| 005 | 20260601215545.0 | ||
| 007 | ta | ||
| 008 | 130718s2013 xr g 000 f cze d | ||
| 015 | |a cnb002479716 | ||
| 020 | |a 9788024352572 |q (váz.) | ||
| 035 | |a (OCoLC)859738358 | ||
| 040 | |a KLG001 |b cze |d OLA001 | ||
| 072 | 7 | |a 821.162.3-3 |x Česká próza |2 Konspekt | |
| 080 | |a 821.162.3-31 |2 MRF | ||
| 080 | |a (0:82-312.4) |2 MRF | ||
| 100 | 1 | |a Pospíšilová, Jarmila, |d 1965- |7 xx0030106 |4 aut | |
| 245 | 1 | 0 | |a Vražda v lázních Skalka / |c Jarmila Pospíšilová |
| 250 | |a Vyd. 1. | ||
| 260 | |a Brno : |b MOBA, |c c2013 | ||
| 300 | |a 238 s. ; |c 19 cm | ||
| 490 | 1 | |a Původní česká detektivka ; |v sv. 185 | |
| 490 | 1 | |a Krimi | |
| 520 | 2 | |a Poblíž léčivých pramenů v malých lázních Skalka je nalezena mrtvola mladé dívky. Zpočátku sice vše vypadá jako nešťastná náhoda při pádu z kola, při pitvě se však zjistí, že dívka byla zavražděna. Vyšetřování se ujímá kapitán Klenský s majorem Pavlatou, když se ale o vraždě dozví překladatelka Marie, která policii již při několika případech pomohla, rozhodne se v okolí zavražděné dívky pátrat také. A tak i její informace nakonec dopomohou k úspěšnému odhalení vraha. | |
| 520 | 2 | |a Překladatelka Marie, hrdinka i předcházejících autorčiných detektivních příběhů, se opět ocitá v blízkosti vyšetřování vraždy - tentokrát mladé dívky Evy. | |
| 655 | 7 | |a české romány |7 fd133974 |2 czenas | |
| 655 | 7 | |a detektivní romány |7 fd132010 |2 czenas | |
| 655 | 9 | |a Czech fiction |2 eczenas | |
| 655 | 9 | |a detective novels |2 eczenas | |
| 787 | 0 | 8 | |i Z cyklu: |t Marie Kovandová |g 7 |
| 830 | 0 | |a Původní česká detektivka | |
| 830 | 0 | |a Krimi (MOBA) | |
| 900 | |a ABA001 |b 17 | ||
| 044 | |a xr | ||
| 910 | |a RBIT002 | ||
| 998 | |d 5504 |a https://core.palmknihy.cz/api/books/5504/cover?she9ye |b https://core.palmknihy.cz/api/books/5504/cover/400?she9ye |c https://core.palmknihy.cz/api/books/5504/cover/50?she9ye |e 2026-12-31 |g 240 |i 9788024352572 |j https://core.palmknihy.cz/api/books/5504/preview.epub |l |q 49 |r 1 |s https://www.palmknihy.cz/kniha/5504 |t ebook |y 2013 |z 0 |v Marie Kovandová |w 7 | ||
| 999 | |d 306158 | ||